000 00586nam a2200217Ia 4500
003 OSt
005 20221007082944.0
006 a|||||r|||| 00| 0
007 ta
008 221006b |||||||| |||| 00| 0 eng d
024 _a44,526
037 _cDissertations
040 _aFLL
_cFLL
_beng
041 _2eng
_aeng
100 _aDEVI Ningombam Sofiarani
_9699919
245 0 _aCounter-insurgency laws and crisis of human rights in north-east states
260 _c2016
300 _ad.p.
_ccm.
942 _cDIS
_2CC
999 _c1168303
_d1168303